Organizácie s priamymi zahraničnými investíciami a priemyselná integrácia v krajinách strednej Európy

Prezentácia niektorých výsledkov medzinárodného prieskumu zameraného na otázky integrácie priemyslu na úrovni pobočiek vo vybraných stredoeurópskych krajinách. Nezávislosť pobočiek (organizácií s PZI). Trhová orientácia a štruktúra dodávateľov. Vplyv priemyselnej integrácie na miestne pobočky. Vnúto...

Description complète

Enregistré dans:
Détails bibliographiques
Auteur principal: Sabol, Tomáš
Autres auteurs: Hošková, Adela, Šoltés, Michal
Format: Chapitre de livre
Langue:slovaque
Sujets:
Tags: Ajouter un tag
Pas de tags, Soyez le premier à ajouter un tag!

MARC

LEADER 00000naa$a2200000$$$4500
001 0008392
005 20221128112806.6
041 0 |a slo 
044 |a SK 
245 1 0 |a Organizácie s priamymi zahraničnými investíciami a priemyselná integrácia v krajinách strednej Európy  |c aut. Tomáš Sabol, Adela Hošková, Michal Šoltés 
520 |a Prezentácia niektorých výsledkov medzinárodného prieskumu zameraného na otázky integrácie priemyslu na úrovni pobočiek vo vybraných stredoeurópskych krajinách. Nezávislosť pobočiek (organizácií s PZI). Trhová orientácia a štruktúra dodávateľov. Vplyv priemyselnej integrácie na miestne pobočky. Vnútorné a vonkajšie zdroje konkurencieschopnosti pobočiek. Finančná integrácia. Závery prieskumu. 
610 2 0 |a investície priame zahraničné 
610 2 0 |a podnik priemyselný 
610 2 0 |a priemysel 
610 2 0 |a SVE 
610 2 0 |a Slovensko 
610 2 0 |a konkurencieschopnosť 
610 2 0 |a porovnanie medzinárodné 
100 1 |a Sabol, Tomáš 
700 1 |a Hošková, Adela 
700 1 |a Šoltés, Michal